|
|
|
|
| LEADER |
00000nam0a2200000 4500 |
| 001 |
315424 |
| 005 |
20231102002758.0 |
| 020 |
|
|
|a RU
|b 82-58001
|
| 035 |
|
|
|a (RuTPU)RU\TPU\book\340859
|
| 090 |
|
|
|a 315424
|
| 100 |
|
|
|a 20160301d1982 km y0rusy5003 ca
|
| 101 |
0 |
|
|a rus
|
| 102 |
|
|
|a RU
|
| 105 |
|
|
|a y z 001zy
|
| 200 |
1 |
|
|a Основы системологии
|f Б. С. Флейшман
|
| 210 |
|
|
|a Москва
|c Радио и связь
|d 1982
|
| 215 |
|
|
|a 368 с.
|d 22 см.
|
| 320 |
|
|
|a Библиогр.: с. 355-360
|
| 320 |
|
|
|a Именной указатель: с. 361-362
|
| 320 |
|
|
|a Предметный указатель: с. 363-366
|
| 606 |
1 |
|
|a Систем теория
|2 stltpush
|3 (RuTPU)RU\TPU\subj\71753
|9 85522
|
| 610 |
1 |
|
|a сложные системы
|
| 610 |
1 |
|
|a концептуальные основы
|
| 610 |
1 |
|
|a комбинаторные основания
|
| 610 |
1 |
|
|a системная экология
|
| 610 |
1 |
|
|a биоценоз
|
| 675 |
|
|
|a 519.876
|z rus
|v 4
|
| 700 |
|
1 |
|a Флейшман
|b Б. С.
|g Бенцион Семенович
|4 070
|
| 801 |
|
0 |
|a RU
|b RuMRKP
|c 19950704
|g psbo
|
| 801 |
|
1 |
|a RU
|b 63413507
|c 20160301
|
| 801 |
|
2 |
|a RU
|b 63413507
|c 20200717
|g RCR
|
| 942 |
|
|
|c BK
|